Die Technologisch-Historischen Exzerpte : Historisch-Kritische Ausgabe /

Guardat en:
Dades bibliogràfiques
Autor principal: Marx, Karl (autor)
Format: Llibre
Idioma:German
Col·lecció:(Ullstein Materialien ; 35131)
Matèries:
Etiquetes: Afegir etiqueta
Sense etiquetes, Sigues el primer a etiquetar aquest registre!

MARC

LEADER 00000nam^a2200000^a^4500
001 000070890
005 20250521000000.0
009 20260310091458.26
020 |a 3-548-35131-X 
037 |a Acervo ITESO - Biblioteca 
041 |a ALE 
082 |a 149. 92  |b MAR 
100 |a Marx, Karl  |e (autor) 
245 1 4 |a Die Technologisch-Historischen Exzerpte :  |b Historisch-Kritische Ausgabe /  |c K. Marx; introd. de Hans Peter Müller. 
264 |a Frankfurt, Alemania :  |b Ullstein Buch,  |c 1981 
300 |a 244 p. 
336 |a texto  |b txt  |2 rdacontenido 
337 |a sin mediación  |b n  |2 rdamedio 
338 |a volumen  |b nc  |2 rdasoporte 
440 1 |a (Ullstein Materialien ;  |v 35131) 
649 |a XX 
650 |a Materialismo Histórico y Dialéctico 
650 |a Marxismo 
650 |a Política -  |x Teoría 
650 |a Filosofía del Siglo XIX 
910 |a Fondo Armando Suárez Gómez 
920 |a Impresos - Libros 
930 |a Fondos Especiales 
905 |a 111 
901 |a 0700001099  |b IT2  |c ESP  |u 20250521 
902 |a https://opac.biblio.iteso.mx/vufind/Record/000070890